Redes de computadoras

Saved in:
Bibliografiske detaljer
Hovedforfatter: Tanenbaum, Andrew S (Author)
Format: Bog
Sprog:spansk
Udgivet: Ciudad de México Pearson Educación 2003
Udgivelse:4a. ed
Fag:
Tags: Tilføj Tag
Ingen Tags, Vær først til at tagge denne postø!

MARC

LEADER 00000nam a2200000 a 4500
001 UCI3384
003 CL-VaPUC
008 071026e20030000MX |||||||||||||||||spa|d
020 |a 9702601622 
082 0 4 |a 005.42  |b TAN  |2 21 
100 0 |a Tanenbaum, Andrew S  |e author  |9 524739 
245 1 0 |a Redes de computadoras 
250 |a 4a. ed 
300 |a 891 p 
942 |c BK 
945 |d 20071026 00:00:00  |a jtorresc 
260 |a Ciudad de México  |b Pearson Educación  |c 2003 
650 0 |a Computadores  |9 258188 
650 0 |a Historia  |9 255047 
650 7 |a HARDWARE  |2 CL-VaPUC  |9 345461 
650 0 |a Redes de computadores  |9 263293 
650 0 |a Telecomunicaciones   |9 257195 
650 0 |a Redes de comunicaciones  |9 388793 
650 0 |a Software  |9 387312 
583 |a last modification  |c 20071026 00:00:00  |k Rodrigo Vera 
999 |c 327614  |d 327612 
952 |0 0  |1 0  |2 ddc  |4 0  |6 005_420000000000000_TAN_2003  |7 0  |8 A  |9 410681  |a BIBING  |b BIBING  |c RES  |d 2019-11-22  |i 4383729  |o 005.42 TAN 2003  |p 4383729  |r 2025-01-20  |w 2019-11-22  |y BK  |k CCI 
952 |0 0  |1 0  |2 ddc  |4 0  |6 005_420000000000000_TAN_2003  |7 0  |8 A  |9 410682  |a BIBING  |b BIBING  |c RES  |d 2019-11-22  |i 4383737  |o 005.42 TAN 2003  |p 4383737  |r 2025-01-20  |w 2019-11-22  |y BK  |k CCI 
952 |0 0  |1 0  |2 ddc  |4 0  |6 005_420000000000000_TAN_2003  |7 0  |8 A  |9 410683  |a BIBING  |b BIBING  |c RES  |d 2019-11-22  |i 4383745  |o 005.42 TAN 2003  |p 4383745  |r 2025-01-20  |w 2019-11-22  |y BK  |k CCI 
952 |0 0  |1 0  |2 ddc  |4 0  |6 005_420000000000000_TAN_2003  |7 0  |8 A  |9 410684  |a BIBING  |b BIBING  |c RES  |d 2019-11-22  |i 4383753  |l 3  |o 005.42 TAN 2003  |p 4383753  |r 2025-01-20  |s 2023-10-02  |w 2019-11-22  |y BK  |k CCI 
952 |0 0  |1 0  |2 ddc  |4 0  |6 005_420000000000000_TAN_2003  |7 0  |8 A  |9 410685  |a BIBING  |b BIBING  |c RES  |d 2019-11-22  |i 4383761  |o 005.42 TAN 2003  |p 4383761  |r 2025-01-20  |w 2019-11-22  |y BK  |k CCI 
952 |0 0  |1 0  |2 ddc  |4 0  |6 005_420000000000000_TAN_2003  |7 0  |8 A  |9 410686  |a BIBING  |b BIBING  |c RES  |d 2019-11-22  |i 4478649  |l 1  |o 005.42 TAN 2003  |p 4478649  |r 2025-01-20  |s 2023-08-28  |w 2019-11-22  |y BK  |k CCI 
952 |0 0  |1 0  |2 ddc  |4 0  |6 005_420000000000000_TAN_2003  |7 0  |8 A  |9 410687  |a BIBING  |b BIBING  |c RES  |d 2019-11-22  |i 4478657  |o 005.42 TAN 2003  |p 4478657  |r 2025-01-20  |w 2019-11-22  |y BK  |k CCI 
952 |0 0  |1 0  |2 ddc  |4 0  |6 005_420000000000000_TAN_2003  |7 0  |8 A  |9 410688  |a BIBING  |b BIBING  |c RES  |d 2019-11-22  |i 4478665  |o 005.42 TAN 2003  |p 4478665  |r 2025-01-20  |w 2019-11-22  |y BK  |k CCI 
952 |0 0  |1 0  |2 ddc  |4 0  |6 005_420000000000000_TAN_2003  |7 0  |8 A  |9 410689  |a BIBING  |b BIBING  |c RES  |d 2019-11-22  |i 458001K  |o 005.42 TAN 2003  |p 458001K  |r 2025-01-20  |w 2019-11-22  |y BK  |k CCI 
952 |0 0  |1 0  |2 ddc  |4 0  |6 005_420000000000000_TAN_2003  |7 0  |8 A  |9 410690  |a BIBING  |b BIBING  |c RES  |d 2019-11-22  |i 4580028  |o 005.42 TAN 2003  |p 4580028  |r 2025-01-20  |w 2019-11-22  |y BK  |k CCI 
952 |0 0  |1 0  |2 ddc  |4 0  |6 005_420000000000000_TAN_2003  |7 0  |8 A  |9 410691  |a BIBING  |b BIBING  |c RES  |d 2019-11-22  |i 4580036  |l 3  |m 1  |o 005.42 TAN 2003  |p 4580036  |r 2025-01-20  |s 2024-11-28  |w 2019-11-22  |y BK  |k CCI 
952 |0 0  |1 0  |2 ddc  |4 0  |6 005_420000000000000_TAN_2003  |7 0  |8 A  |9 410692  |a BIBING  |b BIBING  |c RES  |d 2019-11-22  |i 4660072  |o 005.42 TAN 2003  |p 4660072  |r 2025-01-20  |w 2019-11-22  |y BK  |k EIE 
952 |0 0  |1 0  |2 ddc  |4 0  |6 005_420000000000000_TAN_2003  |7 0  |8 A  |9 410693  |a BIBING  |b BIBING  |c RES  |d 2019-11-22  |i 4696921  |o 005.42 TAN 2003  |p 4696921  |r 2025-01-20  |w 2019-11-22  |y BK  |k CCI 
952 |0 0  |1 0  |2 ddc  |4 0  |6 005_420000000000000_TAN_2003  |7 0  |8 A  |9 410694  |a BIBING  |b BIBING  |c RES  |d 2019-11-22  |i 469550K  |o 005.42 TAN 2003  |p 469550K  |r 2025-01-20  |w 2019-11-22  |y BK  |k CCI 
952 |0 0  |1 0  |2 ddc  |4 0  |6 005_420000000000000_TAN_2003  |7 0  |8 A  |9 410695  |a BIBING  |b BIBING  |c RES  |d 2019-11-22  |i 4707834  |o 005.42 TAN 2003  |p 4707834  |r 2025-01-20  |w 2019-11-22  |y BK  |k CCI 
952 |0 0  |1 0  |2 ddc  |4 0  |6 005_420000000000000_TAN_2003  |7 0  |8 A  |9 410696  |a BIBING  |b BIBING  |c RES  |d 2019-11-22  |i 4769759  |l 2  |o 005.42 TAN 2003  |p 4769759  |r 2025-01-20  |s 2024-08-20  |w 2019-11-22  |y BK  |k CCI 
952 |0 0  |1 0  |2 ddc  |4 0  |6 005_420000000000000_TAN_2003  |7 0  |8 A  |9 410697  |a BIBING  |b BIBING  |c RES  |d 2019-11-22  |i 4769767  |o 005.42 TAN 2003  |p 4769767  |r 2025-01-20  |w 2019-11-22  |y BK  |k CCI 
952 |0 0  |1 0  |2 ddc  |4 0  |6 005_420000000000000_TAN_2003  |7 0  |8 A  |9 410698  |a BIBING  |b BIBING  |c RES  |d 2019-11-22  |i 4769775  |o 005.42 TAN 2003  |p 4769775  |r 2025-01-20  |w 2019-11-22  |y BK  |k CCI 
952 |0 0  |1 0  |2 ddc  |4 0  |6 005_420000000000000_TAN_2003  |7 0  |8 A  |9 410699  |a BIBING  |b BIBING  |c RES  |d 2019-11-22  |i 4769783  |o 005.42 TAN 2003  |p 4769783  |r 2025-01-20  |w 2019-11-22  |y BK  |k CCI 
952 |0 0  |1 0  |2 ddc  |4 0  |6 005_420000000000000_TAN_2003  |7 0  |8 A  |9 410700  |a BIBING  |b BIBING  |c RES  |d 2019-11-22  |i 4769791  |o 005.42 TAN 2003  |p 4769791  |r 2025-01-20  |w 2019-11-22  |y BK  |k CCI